Genetic improvement of Hevea clones for economic traits through hybridization (Record no. 59831)

MARC details
000 -LEADER
fixed length control field 00514nam a2200145Ia 4500
100 ## - MAIN ENTRY--AUTHOR NAME
Personal name Reju M.J
245 #0 - TITLE STATEMENT
Title Genetic improvement of Hevea clones for economic traits through hybridization
260 ## - PUBLICATION, DISTRIBUTION, ETC. (IMPRINT)
Name of publisher IRRDB Plant Breeders Workshop, 8-12 July 2019, Lembaga Getah Malaysia (Malaysian Rubber Board), Kuala Lumpur, Malaysia
650 ## - SUBJECT ADDED ENTRY--TOPICAL TERM
Topical Term Genetic improvement
700 ## - ADDED ENTRY--PERSONAL NAME
Personal name John A
700 ## - ADDED ENTRY--PERSONAL NAME
Personal name Mydin K.K
856 ## - ELECTRONIC LOCATION AND ACCESS
Uniform Resource Identifier Bibli details only
942 ## - ADDED ENTRY ELEMENTS (KOHA)
Koha item type Journals
650 ## - SUBJECT ADDED ENTRY--TOPICAL TERM
-- evea clones
Holdings
Withdrawn status Lost status Damaged status Not for loan Home library Current library Shelving location Date acquired Koha item type
      Journals RRII Library RRII Library Botany 17/12/2021 Journals